LEADER 02781nam 22007094a 450 001 9910452466203321 005 20200520144314.0 010 $a1-60491-660-5 010 $a1-118-15532-7 010 $a1-281-00140-6 010 $a9786611001407 010 $a1-118-15456-8 010 $a1-932973-69-9 035 $a(CKB)1000000000520604 035 $a(EBL)818848 035 $a(OCoLC)784883629 035 $a(SSID)ssj0000079263 035 $a(PQKBManifestationID)11126497 035 $a(PQKBTitleCode)TC0000079263 035 $a(PQKBWorkID)10067730 035 $a(PQKB)10114764 035 $a(MiAaPQ)EBC3007624 035 $a(CaSebORM)9781882197941 035 $a(MiAaPQ)EBC818848 035 $a(Au-PeEL)EBL3007624 035 $a(CaPaEBR)ebr10193835 035 $a(CaONFJC)MIL100140 035 $a(OCoLC)228173977 035 $a(Au-PeEL)EBL818848 035 $a(EXLCZ)991000000000520604 100 $a20070222d2006 uy 0 101 0 $aeng 135 $aur|n|---||||| 181 $ctxt 182 $cc 183 $acr 200 10$aActive listening$b[electronic resource] $eimprove your ability to listen and lead /$fMichael H. Hoppe 205 $a1st edition 210 $aGreensboro, N.C. $cCenter for Creative Leadership$dc2006 215 $a1 online resource (35 p.) 225 1 $aAn ideas into action guidebook 300 $a"CCL no. 430"--T.p. verso. 300 $aAt head of title on cover: For the practicing manager. 311 $a1-882197-94-1 320 $aIncludes bibliographical references. 327 $aTitle page; Table of Contents; Listening and Leadership; The Active Listening Skill Set; Barriers to Active Listening; How to Improve Your Listening Skills; Leading with Active Listening; Suggested Readings; Background; Key Point Summary; Lead Contributor 330 $aActive listening is a person's willingness and ability to hear and understand. At its core, active listening is a state of mind that involves paying full and careful attention to the other person, avoiding premature judgment, reflecting understanding, clarifying information, summarizing, and sharing. By learning and committing to the skills and behaviors of active listening, leaders can become more effective listeners and, over time, improve their ability to lead. 410 0$aIdeas into action guidebooks. 606 $aCommunication in management 606 $aListening 608 $aElectronic books. 615 0$aCommunication in management. 615 0$aListening. 676 $a658.4/5 700 $aHoppe$b Michael H$0932446 801 0$bMiAaPQ 801 1$bMiAaPQ 801 2$bMiAaPQ 906 $aBOOK 912 $a9910452466203321 996 $aActive listening$92449643 997 $aUNINA LEADER 03635nam 2200625 450 001 9910466057403321 005 20200520144314.0 010 $a1-78684-373-0 010 $a1-60649-753-7 035 $a(CKB)3710000000830801 035 $a(MiAaPQ)EBC4643529 035 $a(Au-PeEL)EBL4643529 035 $a(CaPaEBR)ebr11248084 035 $a(CaONFJC)MIL947003 035 $a(OCoLC)958556060 035 $a(EXLCZ)993710000000830801 100 $a20160829d2016 fy 0 101 0 $aeng 135 $aurcnu|||||||| 181 $2rdacontent 182 $2rdamedia 183 $2rdacarrier 200 10$aComputer support for successful project management $eusing MS Project 2016 with construction projects /$fUlhas M. Samant 205 $aFirst edition. 210 1$aNew York, New York (222 East 46th Street, New York, NY 10017) :$cBusiness Expert Press,$d2016. 215 $a1 online resource (xv, 177 pages) $cillustrations 225 1 $aInformation systems collection,$x2156-6593 311 $a1-60649-752-9 320 $aIncludes bibliographical references (page [190]) and index. 327 $a1. Project management life cycle for construction projects -- 2. Scope management -- 3. Introduction to project scheduling -- 4. Schedule calculations -- 5. Resources -- 6. Estimating costs and arriving at budget -- 7. Tracking project -- 8. Reports -- 9. Managing multiple projects -- 10. Beyond scope, time, and cost -- Appendix [A-G] -- Notes -- References -- Index. 330 3 $aIn the recent past, computer programs have been used extensively to manage construction projects. It has become almost mandatory for construction managers and civil engineering students to learn how to use computer software to manage projects. This is a book intended to help construction management professionals and civil engineering students in using the popular software MS-Project. Although there are many books on MS-Project, there are very few that cover the subject from the construction managers' perspective. This book uses guided examples from the construction sector. Most of the relevant project management terminology, concepts, and key processes have also been discussed, based on the standards of the Project Management Institute. This book will help construction project managers to easily relate with the projects they execute in their day-to-day life. The author has included advanced topics like earned value analysis and multiple project management. You will also learn how a tool like MS-Project can be used for processes related to risk, quality, and so on, in addition to meeting project objectives like scope, time, and cost. This book will help you to transform yourself from a construction professional to a construction project manager. 410 0$aInformation systems collection.$x2156-6593 606 $aConstruction projects$xManagement$xData processing 608 $aElectronic books. 610 $aarchitecture 610 $acivil engineering 610 $aconstruction management 610 $aMicrosoft Office Project 610 $aMS Project 610 $aOffice Project 610 $aPMI 610 $aProject 2016 610 $aproject management 610 $aProject Professional 610 $ascheduling software 615 0$aConstruction projects$xManagement$xData processing. 676 $a690.068 700 $aSamant$b Ulhaus M.$01028481 801 0$bMiAaPQ 801 1$bMiAaPQ 801 2$bMiAaPQ 906 $aBOOK 912 $a9910466057403321 996 $aComputer support for successful project management$92444502 997 $aUNINA